[Event "Tatry op"]
[Site "Tatranske Zruby"]
[Date "2009.09.27"]
[Round "1"]
[White "Milanov, Jasen"]
[Black "Koval, Daniel"]
[Result "1-0"]
[WhiteElo "2022"]
[BlackElo "2127"]
[PlyCount "83"]
[EventDate "2009.09.27"]
[EventType "swiss"]
[EventRounds "9"]
[EventCountry "SVK"]
[SourceTitle "EXT 2011"]
[Source "ChessBase"]
[SourceDate "2010.11.26"]
[SourceVersion "1"]
[SourceVersionDate "2010.11.26"]
[SourceQuality "1"]

1. c4 Nf6 2. Nc3 d5 3. cxd5 Nxd5 4. g3 c5 5. Bg2 Nxc3 6. bxc3 e5 7. d3 Nc6 8. Nf3 Be7 9. 0-0 0-0 10. Bb2 Bg4 11. h3 Bh5 12. Qc2 Rc8 13. Rad1 Qa5 14. a3 Rfd8 15. Nh2 c4 16. dxc4 Bg6 17. Qc1 e4 18. Ng4 f5 19. Ne3 Bg5 20. Rxd8+ Nxd8 21. h4 Bh6 22. Qd2 Bf7 23. Qd7 Qc5 24. Nxf5 Kf8 25. Nd6 Rb8 26. Bxe4 g6 27. Nxf7 Nxf7 28. Bd5 Qe7 29. Qxe7+ Kxe7 30. a4 Nd6 31. Ba3 b6 32. Rd1 Rd8 33. e4 Kd7 34. e5 Nf5 35. Bg8+ Kc8 36. Rxd8+ Kxd8 37. Bxh7 Ne7 38. Bxe7+ Kxe7 39. Bxg6 Bd2 40. f4 Bxc3 41. Kg2 Kd7 42. h5 1-0

[Event "Bratislava Doprastav op"]
[Site "Bratislava"]
[Date "2009.07.08"]
[Round "6"]
[White "Schwarz, Dusan"]
[Black "Milanov, Jasen"]
[Result "1-0"]
[WhiteElo "2303"]
[BlackElo "2017"]
[PlyCount "72"]
[EventDate "2009.07.04"]
[EventType "swiss"]
[EventRounds "9"]
[EventCountry "SVK"]
[SourceTitle "EXT 2015"]
[Source "ChessBase"]
[SourceDate "2014.11.20"]
[SourceVersion "1"]
[SourceVersionDate "2014.11.20"]
[SourceQuality "1"]

1. d4 e6 2. Nf3 d5 3. e3 Nf6 4. Bd3 Be7 5. 0-0 0-0 6. Nbd2 b6 7. c3 Bb7 8. Ne5 Nbd7 9. f4 c5 10. Qf3 Qc7 11. Qh3 Ne4 12. Ndf3 f5 13. g4 fxg4 14. Qxg4 Rf6 15. Kh1 Nf8 16. Bd2 h5 17. Qxh5 Ng3+ 18. hxg3 Rh6 19. Qxh6 gxh6 20. Kg2 c4 21. Bc2 Bf6 22. Rh1 Bg7 23. g4 Nd7 24. Nxd7 Qxd7 25. Kf2 Qb5 26. Rab1 Rf8 27. g5 hxg5 28. Nxg5 Rf6 29. Rhg1 Qe8 30. Nf3 Rh6 31. Rg4 Rf6 32. Rbg1 Rf7 33. Bg6 Bf6 34. Bh5+ Kf8 35. Rg8+ Ke7 36. Rxe8+ Kxe8 1-0

[Event "SVK-chT2A 0809"]
[Site "Slovakia"]
[Date "2009.02.28"]
[Round "10.6"]
[White "Krist, Milan"]
[Black "Milanov, Jasen"]
[Result "1/2-1/2"]
[WhiteElo "2046"]
[BlackElo "1952"]
[PlyCount "76"]
[EventDate "2008.10.11"]
[EventType "team-tourn"]
[EventRounds "11"]
[EventCountry "SVK"]
[SourceTitle "EXT 2010"]
[Source "ChessBase"]
[SourceDate "2010.11.25"]
[SourceVersion "1"]
[SourceVersionDate "2010.11.25"]
[SourceQuality "1"]
[WhiteTeam "Trnava Lokomotiva II"]
[BlackTeam "Bratislava Doprastav"]
[WhiteTeamCountry "SVK"]
[BlackTeamCountry "SVK"]

1. d4 e6 2. c4 d5 3. Nc3 Nf6 4. Nf3 Be7 5. Bf4 a6 6. e3 0-0 7. Bd3 dxc4 8. Bxc4 b5 9. Be2 Bb7 10. 0-0 Nbd7 11. Rc1 Rc8 12. h3 c5 13. dxc5 Nxc5 14. Qxd8 Rfxd8 15. Rfd1 Rxd1+ 16. Nxd1 Nd5 17. Bh2 Nb4 18. a3 Nbd3 19. Bxd3 Nxd3 20. Rxc8+ Bxc8 21. Ne5 Nc5 22. f3 Bb7 23. Kf1 h5 24. e4 Bd6 25. Ke2 f6 26. Ng4 Bxh2 27. Nxh2 e5 28. Nf1 Ne6 29. Nfe3 Nf4+ 30. Kd2 Kf8 31. Nf2 Bc8 32. Nd3 Nxd3 33. Kxd3 Ke7 34. Nf5+ Bxf5 35. exf5 Kd6 36. Ke4 a5 37. h4 Kc5 38. Kd3 Kd5 1/2-1/2

[Event "Bratislava Doprastav op"]
[Site "Bratislava"]
[Date "2008.07.01"]
[Round "5"]
[White "Milanov, Jasen"]
[Black "Janos, Martin"]
[Result "0-1"]
[WhiteElo "1946"]
[BlackElo "2254"]
[PlyCount "94"]
[EventDate "2008.06.28"]
[EventType "swiss"]
[EventRounds "7"]
[EventCountry "SVK"]
[SourceTitle "CBM 125 Extra"]
[Source "ChessBase"]
[SourceDate "2008.09.01"]
[SourceVersion "1"]
[SourceVersionDate "2008.09.01"]
[SourceQuality "1"]

1. c4 e5 2. Nc3 d6 3. g3 c5 4. Bg2 Nc6 5. e4 Be7 6. Nge2 Be6 7. d3 g5 8. h3 Qd7 9. Nd5 h6 10. Bd2 0-0-0 11. Bc3 f5 12. Qa4 Kb8 13. exf5 Bxf5 14. 0-0-0 Nd4 15. Qxd7 Nxe2+ 16. Kd2 Rxd7 17. Kxe2 Nf6 18. g4 Nxd5 19. Bxd5 Bg6 20. h4 Bf6 21. h5 Bf7 22. Be4 d5 23. cxd5 Bxd5 24. a3 Bb3 25. Rd2 Kc7 26. Rh3 Kd6 27. Rf3 Rf8 28. Ke1 Bg7 29. Bf5 Re7 30. Re3 Be6 31. Bxe6 Rxe6 32. b4 b6 33. bxc5+ bxc5 34. f3 Kd5 35. Ke2 Rb8 36. a4 Rb3 37. Rc2 Reb6 38. Re4 Ra3 39. a5 Rbb3 40. Kd2 a6 41. Rc4 Bf8 42. Re4 Bd6 43. Rc1 Bc7 44. Rc2 Rxc3 45. Rxc3 Bxa5 46. Rec4 Rxc3 47. Rxc3 Kd4 0-1

[Event "Bratislava Doprastav op"]
[Site "Bratislava"]
[Date "2008.06.29"]
[Round "2"]
[White "Sulek, Viliam"]
[Black "Milanov, Jasen"]
[Result "1/2-1/2"]
[WhiteElo "2172"]
[BlackElo "1946"]
[PlyCount "63"]
[EventDate "2008.06.28"]
[EventType "swiss"]
[EventRounds "7"]
[EventCountry "SVK"]
[SourceTitle "CBM 125 Extra"]
[Source "ChessBase"]
[SourceDate "2008.09.01"]
[SourceVersion "1"]
[SourceVersionDate "2008.09.01"]
[SourceQuality "1"]

1. e4 e6 2. d4 d5 3. Nd2 dxe4 4. Nxe4 Nd7 5. Nf3 Ngf6 6. Nxf6+ Nxf6 7. Bd3 c5 8. 0-0 cxd4 9. Nxd4 Bc5 10. c3 0-0 11. Bg5 Be7 12. Qe2 a6 13. Rfe1 Re8 14. Bc2 Qc7 15. Qd3 g6 16. Qf3 Nd5 17. Bxe7 Nxe7 18. Bb3 Nc6 19. Nxc6 bxc6 20. Rad1 Bb7 21. Qg3 Qxg3 22. hxg3 Rad8 23. Rxd8 Rxd8 24. Rd1 Rxd1+ 25. Bxd1 c5 26. Kf1 Kf8 27. g4 h6 28. g3 Ke7 29. Ke2 Kd6 30. Ke3 g5 31. Bc2 a5 32. Bd3 1/2-1/2

[Event "SVK-chT2A 0708"]
[Site "Slovakia"]
[Date "2008.03.09"]
[Round "11.7"]
[White "Racik, Marek"]
[Black "Milanov, Jasen"]
[Result "0-1"]
[WhiteElo "1912"]
[BlackElo "1970"]
[PlyCount "86"]
[EventDate "2007.10.06"]
[EventType "team-tourn"]
[EventRounds "11"]
[EventCountry "SVK"]
[SourceTitle "EXT 2010"]
[Source "ChessBase"]
[SourceDate "2010.11.25"]
[SourceVersion "1"]
[SourceVersionDate "2010.11.25"]
[SourceQuality "1"]
[WhiteTeam "Hlohovec SK Zentiva III"]
[BlackTeam "Bratislava Doprastav"]
[WhiteTeamCountry "SVK"]
[BlackTeamCountry "SVK"]

1. Nf3 e6 2. c4 Nf6 3. g3 d5 4. b3 c5 5. Bb2 Nc6 6. Bg2 Be7 7. 0-0 0-0 8. Na3 d4 9. d3 e5 10. Nc2 h6 11. a3 a5 12. e3 Bg4 13. exd4 exd4 14. Re1 Qd7 15. Qd2 Bd6 16. Rab1 Rfe8 17. Rxe8+ Rxe8 18. Ba1 Ne5 19. Nxe5 Rxe5 20. Qxa5 Re2 21. Ne1 Qf5 22. f3 Qe5 23. Kh1 b6 24. Qa8+ Kh7 25. Nc2 Rxc2 26. fxg4 Nxg4 27. Qe4+ f5 28. Qxe5 Bxe5 29. Re1 Nf2+ 30. Kg1 Nxd3 31. Rd1 Nc1 32. b4 Rxc4 33. bxc5 bxc5 34. Bd5 Rc2 35. g4 Bxh2+ 36. Kh1 g6 37. gxf5 gxf5 38. a4 Bc7 39. Bxd4 cxd4 40. Rxd4 Ne2 41. Rb4 Nf4 42. Bb7 Rc1+ 43. Kh2 Nd3+ 0-1

[Event "SVK-chT2A 0708"]
[Site "Slovakia"]
[Date "2007.11.03"]
[Round "3.7"]
[White "Milanov, Jasen"]
[Black "Krajnak, Robert"]
[Result "1-0"]
[WhiteElo "1970"]
[BlackElo "2118"]
[PlyCount "75"]
[EventDate "2007.10.06"]
[EventType "team-tourn"]
[EventRounds "11"]
[EventCountry "SVK"]
[SourceTitle "EXT 2010"]
[Source "ChessBase"]
[SourceDate "2010.11.25"]
[SourceVersion "1"]
[SourceVersionDate "2010.11.25"]
[SourceQuality "1"]
[WhiteTeam "Bratislava Doprastav"]
[BlackTeam "Bratislava Doprastav II"]
[WhiteTeamCountry "SVK"]
[BlackTeamCountry "SVK"]

1. c4 c5 2. Nc3 Nf6 3. e4 d6 4. g3 g6 5. Bg2 Bg7 6. Nge2 Nc6 7. 0-0 a6 8. d3 Rb8 9. f4 Bg4 10. h3 Bxe2 11. Nxe2 Nd7 12. Rb1 b5 13. b3 0-0 14. Be3 Nd4 15. Qd2 b4 16. Kh2 a5 17. Ng1 a4 18. Nf3 Ra8 19. Bxd4 cxd4 20. Qxb4 Nc5 21. Qd2 axb3 22. axb3 Ra3 23. Qc2 Qa8 24. Rfd1 Rb8 25. e5 Ra2 26. Rb2 Rxb2 27. Qxb2 dxe5 28. Nxe5 Qa6 29. b4 Bxe5 30. fxe5 Qa4 31. Rb1 Nxd3 32. Qxd4 Nxb4 33. c5 Qa5 34. Qc3 Kg7 35. c6 Qa4 36. c7 Na2 37. Rxb8 Nxc3 38. c8Q 1-0

[Event "Tatry op"]
[Site "Tatranske Zruby"]
[Date "2007.09.22"]
[Round "1"]
[White "Milanov, Jasen"]
[Black "Vojta, Tomas"]
[Result "0-1"]
[WhiteElo "1986"]
[BlackElo "2283"]
[PlyCount "114"]
[EventDate "2007.09.22"]
[EventType "swiss"]
[EventRounds "9"]
[EventCountry "SVK"]
[SourceTitle "CBM 120 Extra"]
[Source "ChessBase"]
[SourceDate "2007.11.01"]
[SourceVersion "1"]
[SourceVersionDate "2007.11.01"]
[SourceQuality "1"]

1. c4 e5 2. Nc3 Nc6 3. g3 Nf6 4. Bg2 Bc5 5. e3 d5 6. cxd5 Nb4 7. d4 exd4 8. exd4 Be7 9. Nge2 Nbxd5 10. 0-0 c6 11. a3 0-0 12. h3 Be6 13. Kh2 Qd7 14. Be3 Rfe8 15. Qd2 Rad8 16. Rad1 Nxc3 17. Nxc3 Bb3 18. Rc1 Qf5 19. Qe2 Bd6 20. Rfe1 Qg6 21. f4 Re7 22. Qf2 Be6 23. Kg1 Rde8 24. Bd2 h5 25. Re2 Qd3 26. Bf1 Qf5 27. Rce1 a6 28. Bg2 Kf8 29. Qf3 Bb8 30. Ne4 Nxe4 31. Qxe4 Qxe4 32. Rxe4 f5 33. R4e2 Kf7 34. Bf3 g6 35. Kg2 Rd7 36. Bc3 Ba7 37. g4 hxg4 38. hxg4 fxg4 39. Bxg4 Rde7 40. Bxe6+ Rxe6 41. Rxe6 Rxe6 42. Rxe6 Kxe6 43. Kf3 Kd5 44. Ke3 Kc4 45. Ke4 Bb6 46. Ke5 Bc7+ 47. Ke4 Kb3 48. Kf3 a5 49. Kg4 a4 50. Kg5 Bd6 51. d5 cxd5 52. Be5 Bc5 53. Kxg6 d4 54. f5 Kxb2 55. f6 Kc2 56. f7 d3 57. Bd4 Bxa3 0-1

[Event "Bratislava-ch"]
[Site "Bratislava"]
[Date "2003.04.06"]
[Round "5"]
[White "Czucz, Andrej"]
[Black "Milanov, Jasen"]
[Result "1-0"]
[WhiteElo "1814"]
[BlackElo "1973"]
[PlyCount "119"]
[EventDate "2003.03.??"]
[EventType "swiss"]
[EventRounds "9"]
[EventCountry "SVK"]
[SourceTitle "EXT 2006"]
[Source "ChessBase"]
[SourceDate "2005.11.24"]
[SourceVersion "1"]
[SourceVersionDate "2005.11.24"]
[SourceQuality "1"]

1. c4 e6 2. Nc3 d5 3. d4 Nf6 4. Nf3 Be7 5. e3 0-0 6. Qc2 dxc4 7. Bxc4 b6 8. Bd3 Ba6 9. 0-0 Bxd3 10. Qxd3 Nbd7 11. Rd1 c5 12. Qc2 Rc8 13. Qa4 Qc7 14. Bd2 Qb7 15. Qb3 c4 16. Qc2 b5 17. a3 a5 18. Ne2 b4 19. axb4 axb4 20. Ra4 b3 21. Qb1 Nb6 22. Ra1 Ne4 23. Be1 Ra8 24. Rc1 Rxa1 25. Qxa1 Ra8 26. Qb1 Ra2 27. Ne5 Qa8 28. f3 Nd6 29. Nc3 f6 30. Ng4 h5 31. Nf2 Ra7 32. Qg6 Qe8 33. Qxe8+ Nxe8 34. Nfd1 Nd6 35. Kf2 Kf7 36. Bd2 g5 37. h3 h4 38. e4 Ndc8 39. Be3 Ra5 40. Bd2 Bb4 41. Ke2 Nd6 42. Ke3 f5 43. e5 f4+ 44. Ke2 Nf5 45. Ne4 Nxd4+ 46. Ke1 Bxd2+ 47. Kxd2 Rxe5 48. Nd6+ Kf6 49. Ne4+ Kg6 50. Ra1 Nc2 51. Ra6 Nd5 52. Ndf2 Nde3 53. Kc3 Ne1 54. Kd4 Rd5+ 55. Kc3 Kf5 56. Nd6+ Kf6 57. Nde4+ Ke7 58. Ra7+ Rd7 59. Ra1 N1xg2 60. Nxg5 1-0

[Event "Bratislava-ch"]
[Site "Bratislava"]
[Date "2003.04.05"]
[Round "4"]
[White "Milanov, Jasen"]
[Black "Zahorsky, Michal"]
[Result "1-0"]
[WhiteElo "1973"]
[BlackElo "1704"]
[PlyCount "59"]
[EventDate "2003.03.??"]
[EventType "swiss"]
[EventRounds "9"]
[EventCountry "SVK"]
[SourceTitle "EXT 2006"]
[Source "ChessBase"]
[SourceDate "2005.11.24"]
[SourceVersion "1"]
[SourceVersionDate "2005.11.24"]
[SourceQuality "1"]

1. c4 e5 2. Nc3 Nf6 3. g3 Nc6 4. Bg2 d6 5. e4 Nd4 6. d3 Bg4 7. f3 Bh5 8. Bg5 Be7 9. g4 Bg6 10. h4 h6 11. Be3 0-0 12. Qd2 Nh7 13. h5 Bh4+ 14. Kd1 Bg5 15. Nh3 Bxh5 16. Nxg5 Nxg5 17. Bxg5 Qxg5 18. Rxh5 Qxd2+ 19. Kxd2 c6 20. Rah1 f6 21. Ne2 b5 22. Nxd4 exd4 23. cxb5 cxb5 24. Rxb5 Rab8 25. Rxb8 Rxb8 26. b3 Rc8 27. Rc1 Rc5 28. Rc4 Kf7 29. Rxd4 Ke7 30. Rc4 1-0

[Event "Bratislava-ch"]
[Site "Bratislava"]
[Date "2003.04.03"]
[Round "3"]
[White "Reich, Roland"]
[Black "Milanov, Jasen"]
[Result "1-0"]
[WhiteElo "1737"]
[BlackElo "1973"]
[PlyCount "99"]
[EventDate "2003.03.??"]
[EventType "swiss"]
[EventRounds "9"]
[EventCountry "SVK"]
[SourceTitle "EXT 2006"]
[Source "ChessBase"]
[SourceDate "2005.11.24"]
[SourceVersion "1"]
[SourceVersionDate "2005.11.24"]
[SourceQuality "1"]

1. f4 e6 2. b3 d5 3. e3 Nf6 4. Bb2 b6 5. Bb5+ c6 6. Bd3 Bb7 7. Nf3 Nbd7 8. 0-0 Bd6 9. Nc3 Qc7 10. Ne2 c5 11. Ng3 d4 12. Qe2 h5 13. Nh4 g5 14. Nf3 h4 15. Nf5 g4 16. Nxd6+ Qxd6 17. Ng5 h3 18. g3 Qc6 19. e4 a6 20. Kf2 b5 21. c3 e5 22. fxe5 Nxe5 23. cxd4 Nxd3+ 24. Qxd3 Qd7 25. d5 Rh6 26. Kg1 Qd6 27. Qe3 Rg6 28. Rxf6 Rxf6 29. Bxf6 Qxf6 30. Rf1 Qb2 31. Rxf7 Qa1+ 32. Rf1 Qd4 33. Qxd4 cxd4 34. Ne6 Ke7 35. Nxd4 Kd6 36. Kf2 Re8 37. Nf5+ Kd7 38. d3 Rc8 39. Ne3 Rc3 40. Ke2 Bc8 41. Kd2 b4 42. Nxg4 Kd6 43. Ne3 Ke5 44. Rf7 Kd4 45. Nc2+ Ke5 46. Nxb4 Rc5 47. Nc6+ Kd6 48. d4 Rxc6 49. dxc6 Be6 50. Rf6 1-0